Tradition, Sozialstruktur und politische Sozialisation bei den Minyanka in Mali /
Saved in:
| Main Author: | |
|---|---|
| Format: | Book |
| Language: | German |
| Published: |
Saarbrücken :
Verlag für Entwicklungspolitik Saarbrücken,
1997.
|
| Series: | Aachener Beiträge zur Afrika- und Entwicklungsländerforschung ;
Bd. 3. |
| Subjects: | |
| Tags: |
Add Tag
No Tags, Be the first to tag this record!
|
| LEADER | 00955nam a2200241 a 4500 | ||
|---|---|---|---|
| 001 | 007788896-0 | ||
| 005 | 20020606104010.5 | ||
| 008 | 980514s1997 gw b 000|0 ger d | ||
| 020 | |a 3881567003 | ||
| 035 | 0 | |a ocm45262652 | |
| 043 | |a f-ml--- | ||
| 100 | 1 | |a Diarra, Abdramane. | |
| 245 | 1 | 0 | |a Tradition, Sozialstruktur und politische Sozialisation bei den Minyanka in Mali / |c Abdramane Diarra. |
| 260 | |a Saarbrücken : |b Verlag für Entwicklungspolitik Saarbrücken, |c 1997. | ||
| 300 | |a iii, 270 p. ; |c 21 cm. | ||
| 490 | 1 | |a Aachener Beiträge zur Afrika- und Entwicklungsländerforschung ; |v Bd. 3 | |
| 502 | |a Thesis (doctoral)--Aachen, Techn. Univ., 1997) | ||
| 504 | |a Includes bibliographical references (p. 216-264). | ||
| 650 | 0 | |a Minianka (African people) |z Mali. | |
| 650 | 0 | |a Minianka (African people) |z Mali |x Social conditions. | |
| 830 | 0 | |a Aachener Beiträge zur Afrika- und Entwicklungsländerforschung ; |v Bd. 3. | |
| 988 | |a 20020608 | ||
| 906 | |0 MH | ||


